[Event "25. Copenhagen Open  (Politiken Cup)"]
[Site "Copenhagen"]
[Date "2003.07.20"]
[Round "7"]
[White "Romsdal, Trond"]
[Black "Christensen, Bo Garner"]
[Result "0-1"]
[WhiteElo "2207"]
[BlackElo "2273"]
[PlyCount "60"]
[EventDate "2003.07.14"]
[EventType "swiss"]
[EventRounds "11"]
[EventCountry "DEN"]
[SourceDate "2004.01.01"]

1. d4 Nf6 2. c4 g6 3. Nc3 Bg7 4. e4 d6 5. Be2 O-O 6. Nf3 e5 7. O-O Nc6 8. d5
Ne7 9. b4 Nh5 10. Re1 f5 11. Ng5 Nf6 12. f3 Ne8 13. c5 a5 14. cxd6 cxd6 15.
bxa5 Rxa5 16. Qb3 f4 17. Bd2 Kh8 18. Red1 Ra8 19. Ne6 Bxe6 20. dxe6 Nc7 21. Bc4
Nc6 22. Qxb7 Nd4 23. e7 Qxe7 24. Nd5 Nxd5 25. Qxd5 Rac8 26. Bb4 Qa7 27. Kh1 Nc2
28. Bxd6 Rfd8 29. Qe6 Nxa1 30. Rxa1 Qd4 0-1

[Event "25. Copenhagen Open  (Politiken Cup)"]
[Site "Copenhagen"]
[Date "2003.07.20"]
[Round "7"]
[White "Rosenkilde, Alexander"]
[Black "Ostergaard, Rasmus"]
[Result "1/2-1/2"]
[WhiteElo "1699"]
[BlackElo "2166"]
[PlyCount "66"]
[EventDate "2003.07.14"]
[EventType "swiss"]
[EventRounds "11"]
[EventCountry "DEN"]
[SourceDate "2004.01.01"]

1. d4 d5 2. c4 e6 3. Nc3 c5 4. cxd5 exd5 5. e3 Nf6 6. Nf3 Nc6 7. Be2 cxd4 8.
exd4 Be7 9. O-O O-O 10. Be3 Bf5 11. Rc1 Rc8 12. Re1 Re8 13. h3 Ne4 14. Nxe4
Bxe4 15. Nd2 Bf5 16. a3 Qd6 17. Nb3 Bd8 18. Bg4 Bxg4 19. Qxg4 Bb6 20. Nc5 Bxc5
21. dxc5 Qe6 22. Qxe6 fxe6 23. Rcd1 a5 24. f4 Rcd8 25. Bd4 Nxd4 26. Rxd4 g6 27.
Re3 Rc8 28. b4 axb4 29. axb4 Kf7 30. Ra3 Ra8 31. Rdd3 Ke7 32. Kf2 Rf8 33. Ke3
Kd7 1/2-1/2

[Event "25. Copenhagen Open  (Politiken Cup)"]
[Site "Copenhagen"]
[Date "2003.07.20"]
[Round "7"]
[White "Royset, Paal"]
[Black "Henrichsen, Jens"]
[Result "1-0"]
[WhiteElo "2252"]
[BlackElo "2076"]
[PlyCount "119"]
[EventDate "2003.07.14"]
[EventType "swiss"]
[EventRounds "11"]
[EventCountry "DEN"]
[SourceDate "2004.01.01"]

1. e4 c5 2. c3 d5 3. exd5 Qxd5 4. d4 Nf6 5. Nf3 e6 6. Bd3 Nc6 7. O-O Be7 8. c4
Qd7 9. dxc5 Bxc5 10. a3 O-O 11. Nc3 Rd8 12. Bc2 Qxd1 13. Rxd1 Rxd1+ 14. Bxd1
Bd7 15. b4 Be7 16. Bf4 Rc8 17. Be2 h6 18. h3 Be8 19. Rd1 Rd8 20. Rxd8 Bxd8 21.
Bd6 Be7 22. Nb5 Kf8 23. Bc7 Bd7 24. Bd3 Ne8 25. Bf4 a5 26. bxa5 Nxa5 27. a4 f6
28. Be3 Nd6 29. Nd2 Nc6 30. Kf1 Ne5 31. Be2 Nf5 32. Bb6 Bc6 33. Nb3 Nd7 34. Ba7
Bb4 35. a5 Ke7 36. Bd3 Nd6 37. Bd4 e5 38. Bc3 Bxc3 39. Nxc3 e4 40. Be2 Ne5 41.
Nd2 f5 42. g4 g6 43. c5 Ne8 44. gxf5 gxf5 45. Nb3 Nf6 46. Nd4 Bd7 47. Ke1 f4
48. Ncb5 Nc6 49. Nxc6+ Bxc6 50. Nd4 Kd7 51. Kd2 e3+ 52. fxe3 Ne4+ 53. Kd3 Nxc5+
54. Kc4 Ne6 55. Bg4 fxe3 56. Nxe6 Kd6 57. Nd4 Bd5+ 58. Kb5 Ke5 59. Kc5 Be4 60.
Ne2 1-0

[Event "25. Copenhagen Open  (Politiken Cup)"]
[Site "Copenhagen"]
[Date "2003.07.20"]
[Round "7"]
[White "Salomonsen, Rune"]
[Black "Bjerke, Silje"]
[Result "0-1"]
[WhiteElo "1691"]
[BlackElo "2093"]
[PlyCount "80"]
[EventDate "2003.07.14"]
[EventType "swiss"]
[EventRounds "11"]
[EventCountry "DEN"]
[SourceDate "2004.01.01"]

1. e4 e6 2. d4 d5 3. Nc3 Bb4 4. e5 c5 5. a3 Bxc3+ 6. bxc3 Qc7 7. Qg4 f5 8. Qg3
cxd4 9. cxd4 Ne7 10. Bd2 O-O 11. Bd3 b6 12. Ne2 Ba6 13. Nf4 Qd7 14. h4 Bxd3 15.
Qxd3 Nbc6 16. Rh3 Rac8 17. Rg3 Nd8 18. c3 Ndc6 19. Kf1 Na5 20. Qc2 Nc4 21. Bc1
Rc6 22. Kg1 Rfc8 23. Qd1 Qe8 24. Qf3 Ng6 25. Nxg6 hxg6 26. h5 gxh5 27. Rg5 Na5
28. Rxh5 Rxc3 29. Be3 Qg6 30. Rg5 Qxg5 31. Bxg5 Rxf3 32. gxf3 Rc4 33. Rc1 Kf7
34. Be3 b5 35. Kf1 Rxc1+ 36. Bxc1 Nc4 37. f4 Kg6 38. Ke2 Kh5 39. Kf3 a5 40. Ke2
Kg4 0-1

[Event "25. Copenhagen Open  (Politiken Cup)"]
[Site "Copenhagen"]
[Date "2003.07.20"]
[Round "7"]
[White "Sandbech, Ted"]
[Black "Petersen, Lars"]
[Result "0-1"]
[WhiteElo "1660"]
[BlackElo "2047"]
[PlyCount "84"]
[EventDate "2003.07.14"]
[EventType "swiss"]
[EventRounds "11"]
[EventCountry "DEN"]
[SourceDate "2004.01.01"]

1. Nf3 Nf6 2. d4 d5 3. c4 e6 4. Nc3 c6 5. cxd5 exd5 6. Bd2 Bd6 7. e3 O-O 8. Be2
Re8 9. O-O Nbd7 10. Rc1 Nf8 11. Re1 Ng6 12. Qc2 Ne4 13. Na4 f5 14. Nc5 Qc7 15.
Bb4 a5 16. Ba3 Qe7 17. Nxe4 fxe4 18. Bxd6 Qxd6 19. Nd2 Nh4 20. Nf1 Rf8 21. Qd1
Qf6 22. f4 exf3 23. Bxf3 Nxf3+ 24. Qxf3 Qxf3 25. gxf3 Rxf3 26. Rc2 Bf5 27. Rf2
Be4 28. Rxf3 Bxf3 29. Nd2 Be4 30. Nb3 b6 31. Rc1 Rc8 32. Nd2 Kf7 33. a3 Ke7 34.
Kf2 g6 35. Ke2 Kd6 36. Rf1 Bf5 37. Nb3 a4 38. Nc1 c5 39. Na2 cxd4 40. Rc1 Rxc1
41. Nxc1 d3+ 42. Kd2 Kc5 0-1

[Event "25. Copenhagen Open  (Politiken Cup)"]
[Site "Copenhagen"]
[Date "2003.07.20"]
[Round "7"]
[White "Sander, Rolf"]
[Black "Roder, Peter"]
[Result "1/2-1/2"]
[WhiteElo "2060"]
[BlackElo "2170"]
[PlyCount "33"]
[EventDate "2003.07.14"]
[EventType "swiss"]
[EventRounds "11"]
[EventCountry "DEN"]
[SourceDate "2004.01.01"]

1. e4 e5 2. Nf3 d6 3. d4 exd4 4. Nxd4 Nf6 5. Nc3 g6 6. Be3 Bg7 7. f3 O-O 8. Qd2
Nc6 9. O-O-O d5 10. Kb1 Nxd4 11. e5 Nf5 12. exf6 Bxf6 13. Nxd5 Qxd5 14. Qxd5
Nxe3 15. Qd2 Nxd1 16. Qxd1 Be6 17. Bb5 1/2-1/2

[Event "25. Copenhagen Open  (Politiken Cup)"]
[Site "Copenhagen"]
[Date "2003.07.20"]
[Round "7"]
[White "Schandorff, Lars"]
[Black "Adamski, Jan"]
[Result "1/2-1/2"]
[WhiteElo "2525"]
[BlackElo "2335"]
[PlyCount "83"]
[EventDate "2003.07.14"]
[EventType "swiss"]
[EventRounds "11"]
[EventCountry "DEN"]
[SourceDate "2004.01.01"]

1. d4 Nf6 2. c4 e6 3. Nf3 d5 4. Nc3 c5 5. cxd5 Nxd5 6. g3 Nc6 7. Bg2 Be7 8. O-O
O-O 9. Nxd5 exd5 10. dxc5 Bxc5 11. Bg5 Qb6 12. Ne1 h6 13. Bd2 Bf5 14. Nd3 Bxd3
15. exd3 Rad8 16. Rb1 Ne5 17. Bc3 d4 18. Be1 Bb4 19. f4 Bxe1 20. fxe5 Bb4 21.
Be4 Qe6 22. Qe2 Rde8 23. a3 Ba5 24. Qg2 g6 25. b4 Bc7 26. Rbc1 Bxe5 27. Bxb7
Rd8 28. Rfe1 Kg7 29. Rc5 f6 30. Bd5 Qe7 31. Qc2 h5 32. Bf3 Rf7 33. Bd5 Rff8 34.
Bf3 Rf7 35. a4 Rd7 36. b5 Qd6 37. Rc6 Rc7 38. Rb1 Qa3 39. Qb3 Qe7 40. Re1 Rxc6
41. Bxc6 Qd6 42. Qc2 1/2-1/2

[Event "25. Copenhagen Open  (Politiken Cup)"]
[Site "Copenhagen"]
[Date "2003.07.20"]
[Round "7"]
[White "Schmied, Andreas"]
[Black "Hesselberg, Leif"]
[Result "1-0"]
[WhiteElo "2124"]
[BlackElo "1913"]
[PlyCount "76"]
[EventDate "2003.07.14"]
[EventType "swiss"]
[EventRounds "11"]
[EventCountry "DEN"]
[SourceDate "2004.01.01"]

1. d4 Nf6 2. c4 e6 3. Nc3 Bb4 4. Qc2 Nc6 5. Nf3 d6 6. a3 Bxc3+ 7. Qxc3 e5 8.
dxe5 Ne4 9. Qe3 Bf5 10. exd6 Qxd6 11. Qf4 Qc5 12. Be3 Qa5+ 13. Bd2 Nxd2 14.
Qxd2 Qxd2+ 15. Kxd2 O-O-O+ 16. Kc3 Rd6 17. e3 Rhd8 18. Be2 Bd3 19. Rhe1 Bxe2
20. Rxe2 Na5 21. Ne1 Rc6 22. b3 b5 23. Kb4 bxc4 24. Kxa5 cxb3 25. Kb4 Rb6+ 26.
Kc3 a5 27. a4 Rd5 28. Rb1 Rc5+ 29. Kd4 Rcc6 30. Reb2 Rb4+ 31. Kd3 Rd6+ 32. Ke2
Rdb6 33. Nd3 Rxa4 34. Rxb3 Ra2+ 35. Kf3 Rf6+ 36. Ke4 Kd8 37. R1b2 Ra1 38. Nf4
a4 1-0

[Event "25. Copenhagen Open  (Politiken Cup)"]
[Site "Copenhagen"]
[Date "2003.07.20"]
[Round "7"]
[White "Skjoldborg, Jesper"]
[Black "Christensen, Janus"]
[Result "1-0"]
[WhiteElo "2253"]
[BlackElo "1951"]
[PlyCount "105"]
[EventDate "2003.07.14"]
[EventType "swiss"]
[EventRounds "11"]
[EventCountry "DEN"]
[SourceDate "2004.01.01"]

1. e4 c5 2. Nf3 d6 3. d4 cxd4 4. Nxd4 Nf6 5. Nc3 Nc6 6. Be3 Ng4 7. Bb5 Nxe3 8.
fxe3 Bd7 9. O-O e6 10. Bxc6 bxc6 11. e5 Be7 12. exd6 Bxd6 13. Ne4 Bxh2+ 14. Kh1
Qh4 15. Nf3 Qxe4 16. Kxh2 Rd8 17. Qd3 Qxd3 18. cxd3 O-O 19. d4 f6 20. Rac1 Rb8
21. b3 Rb5 22. Rc5 Rfb8 23. Rfc1 Kf7 24. Nd2 Rxc5 25. Rxc5 Rb5 26. Rc4 Ra5 27.
a4 e5 28. Ne4 exd4 29. Nc5 Rxc5 30. Rxc5 d3 31. Rc3 Bf5 32. Rxc6 Ke7 33. Rc7+
Kd6 34. Rc4 a5 35. b4 axb4 36. Rxb4 Kc6 37. Rd4 Kb6 38. Kg3 g5 39. e4 Bg6 40.
Kf2 d2 41. Ke3 f5 42. e5 d1=Q 43. Rxd1 f4+ 44. Kf2 Bc2 45. Rd8 Kc7 46. Rd4 Bf5
47. Rb4 Be6 48. a5 h5 49. a6 Bd5 50. a7 h4 51. Rb8 g4 52. a8=Q Bxa8 53. Rxa8
1-0

[Event "25. Copenhagen Open  (Politiken Cup)"]
[Site "Copenhagen"]
[Date "2003.07.20"]
[Round "7"]
[White "Skovgaard, Peter Nicolai"]
[Black "Thestrup, Sixten"]
[Result "1-0"]
[WhiteElo "2038"]
[BlackElo "1704"]
[PlyCount "23"]
[EventDate "2003.07.14"]
[EventType "swiss"]
[EventRounds "11"]
[EventCountry "DEN"]
[SourceDate "2004.01.01"]

1. e4 d6 2. d4 Nf6 3. Nc3 g6 4. Be2 Bg7 5. g4 Nc6 6. d5 Ne5 7. g5 Ng8 8. f4 Nd7
9. h4 e5 10. f5 f6 11. Nh3 Ne7 12. h5 1-0

[Event "25. Copenhagen Open  (Politiken Cup)"]
[Site "Copenhagen"]
[Date "2003.07.20"]
[Round "7"]
[White "Stam, Bart"]
[Black "Jensen, Benjamin Lau"]
[Result "0-1"]
[WhiteElo "2058"]
[BlackElo "1699"]
[PlyCount "80"]
[EventDate "2003.07.14"]
[EventType "swiss"]
[EventRounds "11"]
[EventCountry "DEN"]
[SourceDate "2004.01.01"]

1. e4 c5 2. Nf3 e6 3. d4 cxd4 4. Nxd4 Nc6 5. Nb5 d6 6. c4 a6 7. N5c3 Be7 8. Be3
b6 9. Be2 Qc7 10. O-O Bd7 11. f4 Bf6 12. f5 Nge7 13. fxe6 Bxe6 14. Qd2 Ne5 15.
Nd5 Bxd5 16. cxd5 b5 17. Na3 O-O 18. Rac1 Qb7 19. Rc2 Rac8 20. Rfc1 Rxc2 21.
Rxc2 Rc8 22. Qb4 Rxc2 23. Nxc2 Qc7 24. Nd4 Nc4 25. Bxc4 Qxc4 26. Qxd6 h6 27. e5
Bg5 28. Bxg5 Qxd4+ 29. Kf1 Qd3+ 30. Ke1 Qe4+ 31. Kd1 Qg4+ 32. Kc2 Qxg5 33. Qd8+
Kh7 34. d6 Qxg2+ 35. Kc1 Qg1+ 36. Kc2 Qxh2+ 37. Kb3 Qg3+ 38. Kc2 Qf2+ 39. Kc1
Qe1+ 40. Kc2 Nc6 0-1

[Event "25. Copenhagen Open  (Politiken Cup)"]
[Site "Copenhagen"]
[Date "2003.07.20"]
[Round "7"]
[White "Stokke, Kjetil"]
[Black "Nordenbaek, Jan"]
[Result "0-1"]
[WhiteElo "2162"]
[BlackElo "2254"]
[PlyCount "114"]
[EventDate "2003.07.14"]
[EventType "swiss"]
[EventRounds "11"]
[EventCountry "DEN"]
[SourceDate "2004.01.01"]

1. d4 Nf6 2. c4 g6 3. Nc3 Bg7 4. e4 d6 5. Be2 O-O 6. Nf3 e5 7. O-O Nc6 8. d5
Ne7 9. b4 Nh5 10. Re1 f5 11. Ng5 Nf6 12. Bf3 c6 13. Be3 Ne8 14. Qb3 h6 15. Ne6
Bxe6 16. dxe6 f4 17. Bc1 Nc7 18. Ba3 Nxe6 19. c5 d5 20. Rad1 Nd4 21. Rxd4 exd4
22. exd5 Kh7 23. d6 Nf5 24. Ne2 Nh4 25. Be4 f3 26. gxf3 Qg5+ 27. Ng3 Qf4 28.
Bb2 Rae8 29. Re2 Rd8 30. Kf1 Nxf3 31. Bxf3 Qxf3 32. Qxf3 Rxf3 33. Re7 Kg8 34.
Rxb7 Rf7 35. Rxf7 Kxf7 36. a4 a6 37. Bc1 Re8 38. b5 axb5 39. axb5 cxb5 40. c6
Be5 41. d7 Ra8 42. Bxh6 b4 43. Ne4 b3 44. Nd2 b2 45. Ke2 Ke6 46. Kd3 Kd5 47.
Bg7 Bc7 48. Bxd4 Rb8 49. Nb1 Kxc6 50. Kc2 Kxd7 51. Bxb2 Bxh2 52. Bd4 Ke6 53.
Nc3 Be5 54. Kd3 Rd8 55. Ne2 Bxd4 56. Nxd4+ Ke5 57. f4+ Kxf4 0-1

[Event "25. Copenhagen Open  (Politiken Cup)"]
[Site "Copenhagen"]
[Date "2003.07.20"]
[Round "7"]
[White "Taksrud, Vidar"]
[Black "Busk, Casper"]
[Result "0-1"]
[WhiteElo "1914"]
[BlackElo "2126"]
[PlyCount "153"]
[EventDate "2003.07.14"]
[EventType "swiss"]
[EventRounds "11"]
[EventCountry "DEN"]
[SourceDate "2004.01.01"]

1. d4 Nf6 2. c4 c5 3. Nf3 e6 4. Nc3 a6 5. Bg5 cxd4 6. Nxd4 h6 7. Bh4 Be7 8. e3
O-O 9. Bd3 Nc6 10. O-O b6 11. Rc1 Nxd4 12. exd4 d5 13. Qf3 Bb7 14. Bb1 Qd7 15.
cxd5 Nxd5 16. Nxd5 Bxd5 17. Qd3 g6 18. Bg3 Rfc8 19. Bf4 Bg5 20. Bxg5 hxg5 21.
b3 Rc6 22. Qe3 Rac8 23. Qxg5 Qb7 24. Rxc6 Qxc6 25. h4 Be4 26. h5 Bxb1 27. Rxb1
Qe4 28. Rd1 Qe2 29. Rd2 Qxh5 30. Qxh5 gxh5 31. f4 Kg7 32. f5 exf5 33. Kf2 Kf6
34. Kg3 Kg5 35. d5 Rc3+ 36. Kf2 Rc7 37. d6 Rd7 38. Kg3 a5 39. a4 Kf6 40. Kf4
Ke6 41. Re2+ Kf6 42. Re5 Rxd6 43. Rxf5+ Kg6 44. Rg5+ Kh6 45. Rf5 Kg6 46. Rg5+
Kh6 47. Rb5 Rf6+ 48. Kg3 Kg6 49. Kh3 Re6 50. g3 f5 51. Rd5 Kg5 52. Rb5 Re3 53.
Kh2 Kg4 54. Rxb6 Re2+ 55. Kg1 Kxg3 56. Rg6+ Kf4 57. Rb6 h4 58. b4 axb4 59.
Rxb4+ Re4 60. Rb2 Rxa4 61. Rf2+ Kg5 62. Kh2 Rg4 63. Ra2 Rg3 64. Ra4 f4 65. Ra5+
Kg4 66. Ra4 h3 67. Rb4 Rg2+ 68. Kh1 Re2 69. Rb3 f3 70. Rb8 f2 71. Rf8 Kg3 72.
Rg8+ Kf3 73. Rf8+ Ke3 74. Rf7 Re1+ 75. Kh2 f1=Q 76. Rf3+ Ke4 77. Re3+ 0-1

[Event "25. Copenhagen Open  (Politiken Cup)"]
[Site "Copenhagen"]
[Date "2003.07.20"]
[Round "7"]
[White "Tandrup, Michael"]
[Black "Jiretorn, Eva"]
[Result "0-1"]
[WhiteElo "1984"]
[BlackElo "2146"]
[PlyCount "74"]
[EventDate "2003.07.14"]
[EventType "swiss"]
[EventRounds "11"]
[EventCountry "DEN"]
[SourceDate "2004.01.01"]

1. e4 c5 2. Nf3 d6 3. d4 cxd4 4. Nxd4 Nf6 5. Nc3 g6 6. Be2 Bg7 7. Be3 O-O 8.
O-O Nc6 9. Nb3 Be6 10. f3 Rc8 11. Nd5 Nd7 12. c3 a6 13. Nd4 Bxd5 14. exd5 Nxd4
15. Bxd4 Bxd4+ 16. Qxd4 Qb6 17. Qxb6 Nxb6 18. f4 Nxd5 19. Bf3 Ne3 20. Rf2 Rc7
21. Re1 Nc4 22. Rfe2 e6 23. b3 Na3 24. c4 b5 25. cxb5 Nxb5 26. Rd2 d5 27. Be2
Rc6 28. g4 Rfc8 29. Kf2 Rc2 30. Red1 Nc3 31. Rxc2 Ne4+ 32. Ke3 Rxc2 33. Bd3
Rxa2 34. Bxe4 dxe4 35. Kxe4 Rxh2 36. f5 exf5+ 37. gxf5 Rh4+ 0-1

[Event "25. Copenhagen Open  (Politiken Cup)"]
[Site "Copenhagen"]
[Date "2003.07.20"]
[Round "7"]
[White "Udmark, Jonas"]
[Black "Lilja, Richard"]
[Result "0-1"]
[WhiteElo "1964"]
[BlackElo "2137"]
[PlyCount "56"]
[EventDate "2003.07.14"]
[EventType "swiss"]
[EventRounds "11"]
[EventCountry "DEN"]
[SourceDate "2004.01.01"]

1. d4 g6 2. e4 d6 3. Nc3 Bg7 4. Be2 c6 5. Nf3 Nd7 6. Be3 Ngf6 7. h3 O-O 8. O-O
Kh8 9. Re1 Qc7 10. Qd2 Ng8 11. Rad1 b5 12. Bd3 a6 13. Nh4 Bf6 14. Nf3 Bb7 15.
Nh2 c5 16. dxc5 Nxc5 17. Nd5 Bxd5 18. exd5 Bxb2 19. Ng4 Rac8 20. Nh6 Nxd3 21.
Qxd3 Qc4 22. Re2 Qxd3 23. Rxd3 Nxh6 24. Bxh6 Rfe8 25. Rde3 Bc1 26. Bg5 Bxe3 27.
Rxe3 f6 28. Rxe7 fxg5 0-1

[Event "25. Copenhagen Open  (Politiken Cup)"]
[Site "Copenhagen"]
[Date "2003.07.20"]
[Round "7"]
[White "Unmack, Christian"]
[Black "Petersen, Peter Birk"]
[Result "1-0"]
[WhiteElo "2085"]
[BlackElo "2221"]
[PlyCount "33"]
[EventDate "2003.07.14"]
[EventType "swiss"]
[EventRounds "11"]
[EventCountry "DEN"]
[SourceDate "2004.01.01"]

1. d4 Nf6 2. c4 e6 3. Nc3 Bb4 4. a3 Bxc3+ 5. bxc3 b6 6. f3 Nc6 7. e4 d6 8. Bd3
e5 9. Ne2 Nd7 10. O-O Ba6 11. f4 Na5 12. fxe5 dxe5 13. Ng3 g6 14. Bh6 Qe7 15.
c5 Bxd3 16. Qxd3 bxc5 17. Qb5 1-0

[Event "25. Copenhagen Open  (Politiken Cup)"]
[Site "Copenhagen"]
[Date "2003.07.20"]
[Round "7"]
[White "Ward, Christopher"]
[Black "Matthiesen, Martin"]
[Result "1-0"]
[WhiteElo "2531"]
[BlackElo "2260"]
[PlyCount "43"]
[EventDate "2003.07.14"]
[EventType "swiss"]
[EventRounds "11"]
[EventCountry "DEN"]
[SourceDate "2004.01.01"]

1. d4 d5 2. c4 c6 3. Nf3 Nf6 4. Nc3 dxc4 5. a4 Bf5 6. Ne5 Nbd7 7. Nxc4 Qc7 8.
g3 e5 9. dxe5 Nxe5 10. Bf4 Nfd7 11. Bg2 g5 12. Nxe5 gxf4 13. Nxd7 O-O-O 14. Qd4
Qxd7 15. Qxf4 Bd6 16. Qd4 Qe7 17. Qxa7 Bc5 18. Qa8+ Kc7 19. Nb5+ cxb5 20. Qxb7+
Kd6 21. Qc6+ Ke5 22. f4+ 1-0

[Event "25. Copenhagen Open  (Politiken Cup)"]
[Site "Copenhagen"]
[Date "2003.07.20"]
[Round "7"]
[White "Werner, Gert"]
[Black "Spanton, Timothy"]
[Result "0-1"]
[WhiteElo "2140"]
[BlackElo "2021"]
[PlyCount "112"]
[EventDate "2003.07.14"]
[EventType "swiss"]
[EventRounds "11"]
[EventCountry "DEN"]
[SourceDate "2004.01.01"]

1. Nf3 c5 2. g3 Nc6 3. d4 cxd4 4. Nxd4 g6 5. Bg2 Bg7 6. Nb3 Nf6 7. c4 O-O 8.
O-O d6 9. Nc3 Be6 10. Nd5 Bxd5 11. cxd5 Ne5 12. Be3 a5 13. Rc1 a4 14. Nd2 Qa5
15. Nc4 Nxc4 16. Rxc4 Rfc8 17. Qc2 Rxc4 18. Qxc4 Nd7 19. b4 axb3 20. Qxb3 b6
21. Rb1 Qxa2 22. Qxa2 Rxa2 23. Bf3 Ra1 24. Rxa1 Bxa1 25. Bd2 Bd4 26. e3 Bc5 27.
Be2 Nf6 28. Bc4 Kf8 29. f3 Ke8 30. Kf1 Kd8 31. Ke2 Kc7 32. Bc3 Ne8 33. e4 Kb7
34. f4 Nc7 35. g4 b5 36. Ba2 Kb6 37. g5 Bg1 38. h3 e6 39. dxe6 Nxe6 40. Bxe6
fxe6 41. f5 exf5 42. exf5 Kc6 43. h4 Kd7 44. Kf3 gxf5 45. h5 Ke6 46. g6 h6 47.
Bd2 Bd4 48. Bxh6 b4 49. Ke2 b3 50. Kd3 b2 51. Kc2 Be5 52. Bg5 f4 53. h6 f3 54.
Bh4 d5 55. h7 Kf5 56. Bg3 Bg7 0-1

[Event "25. Copenhagen Open  (Politiken Cup)"]
[Site "Copenhagen"]
[Date "2003.07.22"]
[Round "8"]
[White "Aabling Thomsen, Jakob"]
[Black "Sander, Rolf"]
[Result "1/2-1/2"]
[WhiteElo "2158"]
[BlackElo "2060"]
[PlyCount "101"]
[EventDate "2003.07.14"]
[EventType "swiss"]
[EventRounds "11"]
[EventCountry "DEN"]
[SourceDate "2004.01.01"]

1. e4 e5 2. Nf3 Nf6 3. Nxe5 d6 4. Nf3 Nxe4 5. d4 d5 6. c4 Bb4+ 7. Bd2 Nxd2 8.
Nbxd2 O-O 9. Be2 dxc4 10. O-O c3 11. Qb3 cxb2 12. Rad1 Qe7 13. Rfe1 Nc6 14. Bb5
Qf6 15. Ne4 Qg6 16. Re3 Bg4 17. Be2 Rfe8 18. Nh4 Qh5 19. Bxg4 Qxh4 20. Bf3 Ba5
21. g3 Qh6 22. Qxb2 Rad8 23. Qxb7 Bb6 24. Rde1 Kf8 25. Nf6 Rxe3 26. Rxe3 Qxf6
27. Bxc6 Qxd4 28. Rf3 Qa1+ 29. Kg2 Qxa2 30. Be4 Rd2 31. Qc8+ Ke7 32. Qf5 f6 33.
Bc6 Rxf2+ 34. Rxf2 Qxf2+ 35. Qxf2 Bxf2 36. Kxf2 Kd6 37. Be4 h6 38. Ke3 Ke5 39.
Bg6 a5 40. Kd3 f5 41. h4 a4 42. Kc4 c5 43. h5 f4 44. gxf4+ Kxf4 45. Bf7 Kg5 46.
Kc3 Kf6 47. Bg6 Kg5 48. Be8 Kf6 49. Bg6 Kg5 50. Kc4 Kf6 51. Kc3 1/2-1/2

[Event "25. Copenhagen Open  (Politiken Cup)"]
[Site "Copenhagen"]
[Date "2003.07.22"]
[Round "8"]
[White "Agustsson, Hafsteinn"]
[Black "Rasmussen, Poul"]
[Result "1-0"]
[WhiteElo "1929"]
[BlackElo "1498"]
[PlyCount "53"]
[EventDate "2003.07.14"]
[EventType "swiss"]
[EventRounds "11"]
[EventCountry "DEN"]
[SourceDate "2004.01.01"]

1. e4 c5 2. Nf3 d6 3. d4 cxd4 4. Nxd4 Bd7 5. Bc4 Nf6 6. Nc3 g6 7. f3 Bg7 8. Be3
Nc6 9. Qd2 O-O 10. O-O-O a6 11. Nxc6 Bxc6 12. Bh6 b5 13. Bd5 Bxh6 14. Qxh6 Bxd5
15. Nxd5 Nxd5 16. exd5 e5 17. dxe6 fxe6 18. h4 d5 19. h5 Qf6 20. hxg6 Qxg6 21.
Qe3 Rac8 22. c3 Rf6 23. Rh4 Kh8 24. Rdh1 Rc7 25. Qe5 Rg7 26. Rh6 Qf5 27. Qxf6
1-0

[Event "25. Copenhagen Open  (Politiken Cup)"]
[Site "Copenhagen"]
[Date "2003.07.22"]
[Round "8"]
[White "Andersen, Bjarne Hjorth"]
[Black "Malmberg, Mio"]
[Result "0-1"]
[WhiteElo "1807"]
[BlackElo "2095"]
[PlyCount "54"]
[EventDate "2003.07.14"]
[EventType "swiss"]
[EventRounds "11"]
[EventCountry "DEN"]
[SourceDate "2004.01.01"]

1. d4 e6 2. c4 b6 3. e4 Bb7 4. Nc3 Bb4 5. f3 f5 6. exf5 Nh6 7. Bxh6 Qh4+ 8. g3
Qxh6 9. Qd2 Bxc3 10. bxc3 Qxd2+ 11. Kxd2 exf5 12. Bd3 O-O 13. Rf1 Nc6 14. Ne2
Na5 15. Rhg1 Ba6 16. c5 Nc4+ 17. Bxc4+ Bxc4 18. Ra1 Rfe8 19. Rge1 bxc5 20. dxc5
Rab8 21. Nd4 Rxe1 22. Rxe1 Rb2+ 23. Ke3 Rxa2 24. Nxf5 Rxh2 25. Kf4 g6 26. Ne3
Be6 27. c4 Rh5 0-1

[Event "25. Copenhagen Open  (Politiken Cup)"]
[Site "Copenhagen"]
[Date "2003.07.22"]
[Round "8"]
[White "Andersen, Erik Rune Egede"]
[Black "Romsdal, Trond"]
[Result "0-1"]
[WhiteElo "2109"]
[BlackElo "2207"]
[PlyCount "42"]
[EventDate "2003.07.14"]
[EventType "swiss"]
[EventRounds "11"]
[EventCountry "DEN"]
[SourceDate "2004.01.01"]

1. e4 c5 2. c3 d5 3. exd5 Qxd5 4. d4 Nf6 5. Nf3 Bg4 6. dxc5 Qxd1+ 7. Kxd1 e5 8.
b4 e4 9. h3 Bh5 10. g4 Nxg4 11. hxg4 Bxg4 12. Nbd2 exf3 13. Bb5+ Kd8 14. Nc4 f6
15. Na5 Bc8 16. Re1 g5 17. c6 b6 18. Nb7+ Kc7 19. Re8 Nxc6 20. Nd6 Kxd6 21. Kc2
Bf5+ 0-1

[Event "25. Copenhagen Open  (Politiken Cup)"]
[Site "Copenhagen"]
[Date "2003.07.22"]
[Round "8"]
[White "Andreasen, Jakup a Rogvi"]
[Black "Christensen, Jan N"]
[Result "1-0"]
[WhiteElo "1784"]
[BlackElo "2053"]
[PlyCount "43"]
[EventDate "2003.07.14"]
[EventType "swiss"]
[EventRounds "11"]
[EventCountry "DEN"]
[SourceDate "2004.01.01"]

1. d4 Nf6 2. Bg5 Ne4 3. Bh4 g5 4. f3 gxh4 5. fxe4 Bh6 6. Nf3 e6 7. Qd3 d6 8. e3
Bd7 9. Nbd2 Qf6 10. O-O-O Nc6 11. g3 hxg3 12. hxg3 e5 13. Bh3 O-O-O 14. Bxd7+
Rxd7 15. Rdf1 exd4 16. Nxd4 Qg6 17. Nxc6 bxc6 18. Qa6+ Kb8 19. Qxc6 Re7 20. Nc4
Qxe4 21. Qb5+ Ka8 22. Rxh6 1-0

[Event "25. Copenhagen Open  (Politiken Cup)"]
[Site "Copenhagen"]
[Date "2003.07.22"]
[Round "8"]
[White "Bjornes, Leif"]
[Black "Tandrup, Michael"]
[Result "1/2-1/2"]
[WhiteElo "1652"]
[BlackElo "1984"]
[PlyCount "102"]
[EventDate "2003.07.14"]
[EventType "swiss"]
[EventRounds "11"]
[EventCountry "DEN"]
[SourceDate "2004.01.01"]

1. d4 d5 2. c4 e6 3. Nc3 Nf6 4. Bg5 Nbd7 5. e3 c6 6. Nf3 Qa5 7. Bxf6 Nxf6 8.
Nd2 Bb4 9. Qb3 O-O 10. a3 Bd6 11. Rc1 Qd8 12. Nf3 Re8 13. Be2 dxc4 14. Bxc4 b5
15. Bd3 a6 16. O-O Bb7 17. Ne4 Nxe4 18. Bxe4 Rc8 19. Rfd1 Qb6 20. Rd2 g6 21.
Rdc2 f5 22. Bd3 c5 23. dxc5 Bxc5 24. Rc3 Rc7 25. Qc2 Rec8 26. Bf1 Bd6 27. Qd2
Rxc3 28. Rxc3 Rxc3 29. Qxc3 Bxf3 30. gxf3 Qc7 31. Qxc7 Bxc7 32. f4 e5 33. fxe5
Bxe5 34. b3 Bb2 35. a4 bxa4 36. bxa4 a5 37. Kg2 Kf7 38. Kf3 Be5 39. h3 Kf6 40.
e4 fxe4+ 41. Kxe4 h6 42. Kf3 Kg5 43. Bd3 Bd4 44. Kg3 Kf6 45. f3 Be3 46. Bc2 h5
47. Bd3 Bd2 48. Be4 g5 49. Bd3 Be1+ 50. Kg2 Ke5 51. Bg6 h4 1/2-1/2

[Event "25. Copenhagen Open  (Politiken Cup)"]
[Site "Copenhagen"]
[Date "2003.07.22"]
[Round "8"]
[White "Brasoy, Aksel"]
[Black "Eddy, Samuel"]
[Result "0-1"]
[WhiteElo "1794"]
[BlackElo "2055"]
[PlyCount "60"]
[EventDate "2003.07.14"]
[EventType "swiss"]
[EventRounds "11"]
[EventCountry "DEN"]
[SourceDate "2004.01.01"]

1. e4 e6 2. d4 d5 3. Nc3 Bb4 4. e5 c5 5. a3 Bxc3+ 6. bxc3 Ne7 7. Nf3 Nbc6 8.
Be2 Qb6 9. O-O O-O 10. Bd3 Ng6 11. Be3 cxd4 12. cxd4 Bd7 13. Rb1 Qc7 14. Ng5 h6
15. Nxf7 Kxf7 16. Qh5 Nce7 17. f4 Be8 18. f5 exf5 19. Bxf5 Nxf5 20. Rxf5+ Kg8
21. Rbf1 Rxf5 22. Qxf5 Qe7 23. Bc1 Bf7 24. Re1 Qe6 25. Qf2 Ne7 26. a4 Bg6 27.
Ba3 Rc8 28. Rf1 Bxc2 29. Bxe7 Qxe7 30. Rc1 Bf5 0-1